000 00624nam a22001817a 4500
020 _a9789693526998
082 _a891.4393
_bQUR
100 _aHaider, Qurat-ul-ain
245 _aGardish-e-Rang-e-Chaman\
_cQurat-ul-ain Haider
260 _aLahore:
_bSang-e-Meel publications,
_c2014.
300 _a701p.:
_c25cm.
563 _aHB
650 _aUrdu literature-Novel
_91164
880 _6100-01\(3\r
_aقرۃ العین حیدر
880 _6245-02\(3\r
_aگردشِ رنگِ چمن\
_bقرۃ العین حیدر
880 _6260-03\(3\r
_aلاہور:
_bسنگِ میل پبلیکیشنز ,
_c2014.
942 _2ddc
_cBK
999 _c614151
_d614151